| 000 | 00677nam a2200217 a 4500 | ||
|---|---|---|---|
| 001 | 78259 | ||
| 003 | BD-RjUL | ||
| 005 | 20211209083117.0 | ||
| 008 | 210829s2014 bg ||||| |||| 00| 0 ben d | ||
| 020 | _a9789848968864 | ||
| 035 | _a(BD-RjUL)78485 | ||
| 040 |
_aBD-RjUL _beng _cBD-RjUL |
||
| 041 | _aeng | ||
| 082 |
_223 _a891.443 _bROO 2014 |
||
| 245 | 1 | 0 |
_aঅসমাপ্ত / _cচামেলী রায় |
| 260 |
_aঢাকা : _bনন্দিতা প্রকাশ, _c২০১৪ |
||
| 300 |
_a১২৮ পৃ.; _c২২ সেমি. |
||
| 650 |
_aবাংলা উপন্যাস _9247236 |
||
| 650 |
_aBengali novels _9247237 |
||
| 942 |
_2ddc _cBK |
||
| 999 |
_c78259 _d78259 |
||